[Event "OPEN JASTRZEBIE-ZDROJ 2021"]
[Site "Jastrzebie-Zdroj"]
[Date "2021.11.08"]
[Round "3.2"]
[White "Herwy, Jakub"]
[Black "Tymrakiewicz, Rafal"]
[Result "1-0"]
[WhiteElo "1866"]
[BlackElo "2225"]
[PlyCount "91"]
[EventDate "2021.??.??"]

1. e4 c6 2. d4 d5 3. Nc3 dxe4 4. Nxe4 Nf6 5. Nxf6+ gxf6 6. Nf3 Bg4 7. Be2 Nd7
8. Nh4 Bxe2 9. Qxe2 e6 10. O-O Qc7 11. c4 Bd6 12. g3 O-O-O 13. Be3 c5 14. d5
Rhe8 15. Rfd1 Ne5 16. f4 Nd7 17. dxe6 fxe6 18. Qh5 f5 19. Qxh7 Qc6 20. Qf7 Re7
21. Qg6 Bc7 22. b3 Rh8 23. Rd3 Reh7 24. Rad1 Rh6 25. Nxf5 exf5 26. Qxc6 bxc6
27. Rxd7 Rxh2 28. R1d2 R2h5 29. Kg2 Bb6 30. Kf3 Rh3 31. R7d6 Kb7 32. Rf6 R3h5
33. Rd7+ Ka6 34. Rxc6 R8h6 35. Rxh6 Rxh6 36. Rd5 Rh5 37. Bxc5 Bc7 38. Bf2 Kb7
39. b4 a6 40. a4 Bb8 41. b5 a5 42. c5 Rh1 43. c6+ Ka8 44. b6 Bc7 45. bxc7 Rd1
46. Rxa5# 1-0

[Event "OPEN JASTRZEBIE-ZDROJ 2021"]
[Site "Jastrzebie-Zdroj"]
[Date "2021.11.08"]
[Round "3.3"]
[White "Novak, Jiri"]
[Black "Posluszny, Tomasz"]
[Result "0-1"]
[WhiteElo "1845"]
[BlackElo "2034"]
[PlyCount "79"]
[EventDate "2021.??.??"]

1. e4 c5 2. c3 Nf6 3. e5 Nd5 4. Bc4 e6 5. Bxd5 exd5 6. d4 cxd4 7. Qxd4 Nc6 8.
Qxd5 d6 9. exd6 Be6 10. Qb5 Bxd6 11. Qxb7 Bd5 12. Nf3 O-O 13. Qb5 Re8+ 14. Be3
Bc7 15. Qd3 Bxf3 16. Qxd8 Raxd8 17. gxf3 f5 18. O-O f4 19. Bc5 Re5 20. b4 Rg5+
21. Kh1 Rd3 22. a4 Ne5 23. Rg1 Rh5 24. Na3 Nxf3 25. Rg2 Nh4 26. Re1 Nxg2 27.
Kxg2 f3+ 28. Kg1 Bxh2+ 29. Kf1 Be5 30. Kg1 Rg5+ 31. Kf1 Bh2 32. Re8+ Kf7 33.
Rf8+ Kg6 34. Rxf3 Rxf3 35. Be3 Rg1+ 36. Ke2 Rf7 37. Nb5 a6 38. Nd4 Be5 39. Nf3
Rxf3 40. Kxf3 0-1

[Event "OPEN JASTRZEBIE-ZDROJ 2021"]
[Site "Jastrzebie-Zdroj"]
[Date "2021.11.08"]
[Round "3.4"]
[White "Adamczyk, Zuzanna"]
[Black "Piechota, Kamil"]
[Result "1-0"]
[WhiteElo "2035"]
[BlackElo "1752"]
[PlyCount "95"]
[EventDate "2021.??.??"]

1. d4 Nf6 2. c4 g6 3. g3 Bg7 4. Bg2 d6 5. Nc3 O-O 6. Nf3 Nbd7 7. O-O c5 8. d5
Nb6 9. Nd2 Bd7 10. e4 Qc8 11. Qc2 Nh5 12. b3 f5 13. Bb2 f4 14. Ne2 Bh3 15. Bxg7
Bxg2 16. Kxg2 Kxg7 17. f3 g5 18. Qb2+ Kg8 19. e5 Nd7 20. exd6 exd6 21. Ne4 Qd8
22. Nxd6 Qe7 23. Ne4 g4 24. N2c3 gxf3+ 25. Rxf3 Ne5 26. Rff1 f3+ 27. Kg1 Rae8
28. Qc2 Qd7 29. d6 Rf7 30. Nd5 Qg4 31. Ne7+ Kf8 32. Rf2 Nf4 33. Nxc5 Nh3+ 34.
Kh1 Nxf2+ 35. Qxf2 b6 36. Re1 bxc5 37. Rxe5 Qd4 38. Qxd4 cxd4 39. Kg1 d3 40.
Rd5 Rd8 41. Rxd3 Ke8 42. Nc6 Ra8 43. Kf2 Rg7 44. Ne5 Kd8 45. c5 Kc8 46. c6 Rg5
47. d7+ Kc7 48. Nf7 1-0

[Event "OPEN JASTRZEBIE-ZDROJ 2021"]
[Site "Jastrzebie-Zdroj"]
[Date "2021.11.08"]
[Round "3.5"]
[White "Zmarzly, Wiktor"]
[Black "Marcinowski, Marek"]
[Result "1-0"]
[WhiteElo "1665"]
[BlackElo "1740"]
[PlyCount "123"]
[EventDate "2021.??.??"]

1. e4 c6 2. d4 d5 3. exd5 cxd5 4. Bd3 Nf6 5. h3 Nc6 6. c3 g6 7. Nf3 Bg7 8. O-O
O-O 9. Re1 Re8 10. Bg5 a6 11. a4 Qc7 12. Nbd2 e5 13. dxe5 Nxe5 14. Nxe5 Rxe5
15. Rxe5 Qxe5 16. Nf3 Qc7 17. Bc2 Be6 18. Bxf6 Bxf6 19. Nd4 Rd8 20. Qd2 Qd7 21.
Rd1 Be5 22. Nf3 Bg7 23. Bb3 h6 24. Qd3 Kh7 25. Nd4 Qe7 26. Bc2 Qf6 27. h4 Bg4
28. f3 Bd7 29. h5 Qg5 30. hxg6+ fxg6 31. f4 Qg4 32. Rf1 Rf8 33. Rf3 Bxd4+ 34.
Qxd4 Bf5 35. Qc5 Rg8 36. Bb3 Be4 37. Rf2 Rg7 38. Qd4 Qf5 39. Bd1 h5 40. Bf3
Qxf4 41. Bxh5 Qc1+ 42. Bd1 Qg5 43. Qd2 Qe7 44. Qf4 Bf5 45. Re2 Qd7 46. Qh2+ Kg8
47. Qb8+ Kf7 48. Bb3 Rg8 49. Qe5 Rd8 50. c4 Re8 51. Qxe8+ Qxe8 52. Rxe8 Kxe8
53. cxd5 Ke7 54. Kf2 Be4 55. g4 Kd6 56. Ke3 Bxd5 57. Bxd5 Kxd5 58. Kf4 Ke6 59.
Kg5 Kf7 60. Kh6 Kf6 61. g5+ Kf5 62. a5 1-0

[Event "OPEN JASTRZEBIE-ZDROJ 2021"]
[Site "Jastrzebie-Zdroj"]
[Date "2021.11.08"]
[Round "3.6"]
[White "Tomanec, Samuel"]
[Black "Gepfert, Cyprian"]
[Result "0-1"]
[WhiteElo "1464"]
[BlackElo "1745"]
[PlyCount "70"]
[EventDate "2021.??.??"]

1. e4 c5 2. c4 Nc6 3. g3 Nf6 4. Nc3 e6 5. Bg2 d5 6. exd5 exd5 7. Nxd5 Nxd5 8.
Bxd5 Bf5 9. Bxc6+ bxc6 10. Qf3 Qe7+ 11. Qe2 O-O-O 12. Qxe7 Bxe7 13. Ne2 Bd3 14.
O-O Rhe8 15. Nf4 Bxf1 16. Kxf1 Bg5 17. Nh3 Bxd2 18. Bxd2 Rxd2 19. b3 Ree2 20.
a3 a5 21. b4 cxb4 22. axb4 axb4 23. c5 Ra2 24. Rb1 Reb2 25. Re1 b3 26. Re8+ Kd7
27. Rb8 Kc7 28. Rf8 Rb1+ 29. Kg2 b2 30. Rxf7+ Kb8 31. Rf8+ Kb7 32. Rf7+ Ka6 33.
Rxg7 Rba1 34. Rxh7 b1=Q 35. Rh4 Qh1# 0-1

[Event "OPEN JASTRZEBIE-ZDROJ 2021"]
[Site "Jastrzebie-Zdroj"]
[Date "2021.11.08"]
[Round "3.7"]
[White "Fojcik, Kacper"]
[Black "Matusiak, Andrzej"]
[Result "1/2-1/2"]
[WhiteElo "1345"]
[BlackElo "1659"]
[PlyCount "64"]
[EventDate "2021.??.??"]

1. d4 d5 2. c4 dxc4 3. Nc3 e6 4. e3 Nf6 5. Bxc4 Nc6 6. Nf3 Bb4 7. Bd2 O-O 8.
O-O a6 9. a3 Bxc3 10. Bxc3 Ne4 11. Qc2 Nxc3 12. bxc3 b5 13. Ba2 Ne7 14. Ng5 Nf5
15. Ne4 Bb7 16. Ng3 Qg5 17. e4 Nxg3 18. hxg3 Rad8 19. Rad1 Qe7 20. a4 bxa4 21.
f3 Bc6 22. Qe2 Ra8 23. Bc4 a5 24. Ra1 Rfb8 25. Qa2 Be8 26. Rfb1 c5 27. d5 exd5
28. Bxd5 Rxb1+ 29. Rxb1 Rc8 30. Rb7 Qf8 31. Ra7 g6 32. Rb7 c4 1/2-1/2

[Event "OPEN JASTRZEBIE-ZDROJ 2021"]
[Site "Jastrzebie-Zdroj"]
[Date "2021.11.08"]
[Round "3.8"]
[White "Golis, Wiktor"]
[Black "Figa, Karolina"]
[Result "0-1"]
[WhiteElo "1591"]
[BlackElo "1355"]
[PlyCount "126"]
[EventDate "2021.??.??"]

1. e4 c6 2. d4 d5 3. Nc3 dxe4 4. Nxe4 Nf6 5. Nxf6+ exf6 6. c3 Bd6 7. Bd3 O-O 8.
Qc2 h6 9. Ne2 Be6 10. O-O Re8 11. Bf4 Qc7 12. Bxd6 Qxd6 13. Ng3 Nd7 14. f4 Nb6
15. Ne4 Qc7 16. f5 Bd5 17. Nd2 c5 18. c4 Bc6 19. dxc5 Nd7 20. b4 Ne5 21. Be4 a5
22. a3 Qd7 23. Bxc6 bxc6 24. h3 axb4 25. Nb3 Rxa3 26. Rxa3 bxa3 27. Rd1 Qb7 28.
Ra1 Qb4 29. Nd2 Qxc5+ 30. Kh1 Ra8 31. Qc3 Ra4 32. Ra2 Nd7 33. Qd3 Nb6 34. Qd8+
Kh7 35. Qe8 Ra7 36. Qe4 Na4 37. Qd3 Nb2 38. Qc3 Ra4 39. g4 Nxc4 40. Nxc4 Rxc4
41. Qxa3 Rc1+ 42. Kg2 Qg1+ 43. Kf3 Rf1+ 44. Ke4 Qh1+ 45. Kd4 Qd5+ 46. Ke3 Rf3+
47. Ke2 Rxa3 48. Rxa3 c5 49. g5 Qxf5 50. g6+ fxg6 51. h4 Qg4+ 52. Kf2 Qxh4+ 53.
Kg1 Qe1+ 54. Kg2 c4 55. Ra2 c3 56. Rf2 c2 57. Rxc2 Qe4+ 58. Kg3 Qxc2 59. Kh4
Qd3 60. Kg4 Qe3 61. Kh4 g5+ 62. Kg4 h5+ 63. Kf5 Qe5# 0-1

[Event "OPEN JASTRZEBIE-ZDROJ 2021"]
[Site "Jastrzebie-Zdroj"]
[Date "2021.11.08"]
[Round "3.9"]
[White "Kubiniok, Stanislaw"]
[Black "Radzimski, Antoni"]
[Result "0-1"]
[WhiteElo "1318"]
[BlackElo "1581"]
[PlyCount "70"]
[EventDate "2021.??.??"]

1. d4 d5 2. Nf3 Nf6 3. c4 e6 4. Nc3 c6 5. cxd5 exd5 6. e3 Bf5 7. Bd3 Bg6 8.
Bxg6 hxg6 9. Ne5 Nbd7 10. Nxd7 Qxd7 11. h3 Bd6 12. Bd2 Bc7 13. Rc1 Rc8 14. Qc2
O-O 15. Na4 Bd6 16. Nc3 Bc7 17. Na4 Ne4 18. Nc5 Nxc5 19. Qxc5 a6 20. Bb4 Rfe8
21. O-O g5 22. Qc2 g4 23. h4 g3 24. Qe2 gxf2+ 25. Qxf2 Re6 26. Qf3 Rf6 27. Qe2
Rg6 28. Rf3 Qg4 29. Be1 Re8 30. Qf1 f5 31. Rc2 f4 32. exf4 Bb6 33. Bf2 Qxf3 34.
g3 Bxd4 35. Bxd4 Rxg3+ 0-1

[Event "OPEN JASTRZEBIE-ZDROJ 2021"]
[Site "Jastrzebie-Zdroj"]
[Date "2021.11.08"]
[Round "3.10"]
[White "Chaber, Dominik"]
[Black "Ziebura, Paulina"]
[Result "1-0"]
[WhiteElo "1214"]
[BlackElo "1559"]
[PlyCount "69"]
[EventDate "2021.??.??"]

1. g3 Nc6 2. Bg2 e5 3. Nc3 Nf6 4. d3 h6 5. e4 Bc5 6. Nf3 d6 7. h3 Be6 8. O-O
Qd7 9. Kh2 O-O-O 10. a3 g5 11. Ng1 Rdg8 12. Qf3 Rg6 13. Qe2 h5 14. f3 Bxg1+ 15.
Rxg1 g4 16. h4 Rhg8 17. f4 Nd4 18. Qf2 Nf3+ 19. Bxf3 gxf3 20. Qxf3 exf4 21.
Bxf4 Ng4+ 22. Kh1 Ne5 23. Qf2 Rf6 24. Qxa7 Nc6 25. Qe3 Bg4 26. Kh2 Rfg6 27. Nd5
Ne5 28. Bxe5 dxe5 29. Raf1 Bh3 30. Rf2 f5 31. Qa7 Ra6 32. Qc5 Rg7 33. Qf8+ Qd8
34. Qxg7 fxe4 35. Rf8 1-0

[Event "OPEN JASTRZEBIE-ZDROJ 2021"]
[Site "Jastrzebie-Zdroj"]
[Date "2021.11.08"]
[Round "3.11"]
[White "Dylong, Antoni"]
[Black "Kordela, Kamil"]
[Result "1-0"]
[WhiteElo "1551"]
[BlackElo "1343"]
[PlyCount "33"]
[EventDate "2021.??.??"]

1. e4 c5 2. c3 d6 3. d4 cxd4 4. cxd4 Nf6 5. Nc3 g6 6. Bc4 Bg7 7. Nf3 O-O 8. O-O
Nc6 9. Re1 Bg4 10. Be3 Rc8 11. Rc1 a6 12. Be2 Qd7 13. d5 Bxf3 14. dxc6 Bxe2 15.
cxd7 Bxd1 16. dxc8=Q Rxc8 17. Rcxd1 1-0

[Event "OPEN JASTRZEBIE-ZDROJ 2021"]
[Site "Jastrzebie-Zdroj"]
[Date "2021.11.08"]
[Round "3.12"]
[White "Seemann, Pola"]
[Black "Marszalek, Julian"]
[Result "1-0"]
[WhiteElo "1491"]
[BlackElo "1230"]
[PlyCount "41"]
[EventDate "2021.??.??"]

1. e4 c5 2. Nf3 d6 3. d4 cxd4 4. Nxd4 Nf6 5. Nc3 a6 6. f4 Bg4 7. Be2 Bxe2 8.
Qxe2 e5 9. Nf3 Nbd7 10. O-O Be7 11. Kh1 O-O 12. fxe5 dxe5 13. Qf2 Bc5 14. Qg3
Re8 15. Bg5 Kh8 16. Rad1 Qe7 17. Nd5 Qe6 18. Bxf6 Nxf6 19. Ng5 Qg4 20. Nxf6
Qxg3 21. Nxf7# 1-0

[Event "OPEN JASTRZEBIE-ZDROJ 2021"]
[Site "Jastrzebie-Zdroj"]
[Date "2021.11.08"]
[Round "3.13"]
[White "Zabystrzan, Pavel"]
[Black "Wojs, Alicja"]
[Result "1-0"]
[WhiteElo "2199"]
[BlackElo "1375"]
[PlyCount "103"]
[EventDate "2021.??.??"]

1. Nf3 d5 2. g3 Nf6 3. Bg2 c6 4. b3 g6 5. Bb2 Bg7 6. O-O O-O 7. c4 Bg4 8. d3
Nbd7 9. Nbd2 Re8 10. d4 Nf8 11. Ne5 Bf5 12. e3 N6d7 13. cxd5 Nxe5 14. dxe5 cxd5
15. Qe2 Qd7 16. e4 dxe4 17. Nxe4 Bxe4 18. Rfd1 Qc7 19. Qxe4 Rab8 20. Rac1 Qa5
21. a3 Red8 22. Rd5 Qb6 23. Rcd1 Ne6 24. b4 Rxd5 25. Rxd5 Qc7 26. Qd3 Rd8 27.
Rxd8+ Nxd8 28. Qc3 Qd7 29. Qd4 Qc7 30. f4 b6 31. Qc3 Qd7 32. Qd4 Qc7 33. h4 Ne6
34. Qc3 Qd7 35. Bf3 h5 36. Kg2 Qd8 37. Bc1 Qd7 38. Be3 Nd8 39. Qd2 Qc7 40. a4
Ne6 41. Bf2 Bh6 42. a5 bxa5 43. bxa5 a6 44. Qb4 Nd8 45. Qb6 Qc8 46. Qc5 Qd7 47.
Qc4 Ne6 48. Qxa6 Qd2 49. Qb6 Qa2 50. a6 Nf8 51. a7 Nd7 52. Qd8+ 1-0

[Event "OPEN JASTRZEBIE-ZDROJ 2021"]
[Site "Jastrzebie-Zdroj"]
[Date "2021.11.08"]
[Round "3.14"]
[White "Trybus, Dominika"]
[Black "Bulawa, Adam"]
[Result "1-0"]
[WhiteElo "1563"]
[BlackElo "1115"]
[PlyCount "133"]
[EventDate "2021.??.??"]

1. e4 c5 2. c3 Nc6 3. d4 cxd4 4. cxd4 e6 5. d5 exd5 6. exd5 Ne5 7. f4 Ng6 8. d6
Qb6 9. Qe2+ Kd8 10. f5 Qa5+ 11. Qd2 Qxf5 12. Bd3 Qe6+ 13. Ne2 Bxd6 14. O-O N8e7
15. Nbc3 b6 16. Nd4 Bc5 17. Be4 Nc6 18. Bxc6 Qxc6 19. Rf2 Bxd4 20. Qxd4 f6 21.
Bd2 Bb7 22. Rc1 Rc8 23. a4 Qc5 24. Qg4 Qd6 25. Rd1 Qe6 26. Qxe6 dxe6 27. Bh6+
Ke8 28. Bxg7 Rg8 29. Bxf6 e5 30. Rfd2 Nf4 31. g3 Nh3+ 32. Kf1 Rf8 33. Rd8+ Rxd8
34. Rxd8+ Kf7 35. Rxf8+ Kxf8 36. Bxe5 Ba6+ 37. Kg2 Ng5 38. h4 Nf7 39. Bb8 Bb7+
40. Kf2 a6 41. Ba7 Ne5 42. Bxb6 Nd3+ 43. Ke3 Nxb2 44. Kd4 Ke7 45. a5 Bc6 46.
Nd5+ Bxd5 47. Kxd5 Nd3 48. Kc6 Ne5+ 49. Kb7 Kd7 50. Kxa6 Kc8 51. Kb5 Nd3 52.
Kc6 Kb8 53. Kd7 Nc1 54. Ke6 h5 55. Kf5 Ne2 56. Bf2 Kb7 57. Kg5 Ka6 58. Kxh5 Nc3
59. Be1 Nd5 60. g4 Nf6+ 61. Kg5 Ne4+ 62. Kg6 Nd6 63. h5 Nc4 64. h6 Nxa5 65.
Bxa5 Kxa5 66. h7 Kb6 67. h8=Q 1-0

[Event "OPEN JASTRZEBIE-ZDROJ 2021"]
[Site "Jastrzebie-Zdroj"]
[Date "2021.11.09"]
[Round "4.1"]
[White "Posluszny, Tomasz"]
[Black "Niedbala, Bartlomiej"]
[Result "0-1"]
[WhiteElo "2034"]
[BlackElo "2382"]
[PlyCount "114"]
[EventDate "2021.??.??"]

1. Nf3 d5 2. e3 Nf6 3. b3 Bf5 4. Bb2 e6 5. d4 Nbd7 6. Bd3 Ne4 7. a3 Bd6 8. c4
c6 9. Nc3 Bg6 10. h4 Nxc3 11. Bxc3 Bh5 12. Be2 O-O 13. Nd2 Bxe2 14. Qxe2 Re8
15. Nf3 dxc4 16. Qxc4 Qe7 17. Bb2 Rac8 18. b4 Nb6 19. Qc2 Qf6 20. Ng5 Qf5 21.
O-O-O Qxc2+ 22. Kxc2 f5 23. Nf3 Ra8 24. Kb3 a5 25. Ra1 Nd5 26. Bc3 Ra6 27. Nd2
b5 28. e4 Nxc3 29. Kxc3 Rea8 30. Rab1 axb4+ 31. axb4 Ra2 32. e5 Be7 33. Rb3 Kf7
34. g3 Rd8 35. Rd1 Kg6 36. f3 Rd7 37. Rdb1 Bd8 38. R3b2 Ra4 39. Rd1 Be7 40. Rb3
Ra2 41. Rdb1 Kh5 42. R3b2 Ra4 43. Rb3 Rd8 44. Rg1 Kg6 45. Rgb1 Rd5 46. Rg1 Bd8
47. Rd1 Ra2 48. Nf1 Rf2 49. Kd3 Rxf3+ 50. Ne3 Rxg3 51. Ke2 Rd7 52. Rc3 f4 53.
h5+ Kxh5 54. Rh1+ Kg6 55. Rxc6 Rxe3+ 56. Kf2 Rxd4 57. Rxe6+ Kf5 0-1

[Event "OPEN JASTRZEBIE-ZDROJ 2021"]
[Site "Jastrzebie-Zdroj"]
[Date "2021.11.09"]
[Round "4.2"]
[White "Adamczyk, Zuzanna"]
[Black "Herwy, Jakub"]
[Result "0-1"]
[WhiteElo "2035"]
[BlackElo "1866"]
[PlyCount "238"]
[EventDate "2021.??.??"]

1. d4 Nf6 2. c4 c5 3. d5 e6 4. Nc3 exd5 5. cxd5 d6 6. g3 g6 7. Bg2 Bg7 8. Nf3
O-O 9. O-O a6 10. a4 Re8 11. Bf4 Qc7 12. Nd2 Nh5 13. Be3 Nd7 14. g4 Nhf6 15. h3
Ne5 16. Bf4 Bd7 17. Bxe5 Rxe5 18. Nc4 Ree8 19. a5 Bb5 20. Na3 Bd7 21. Nc4 Bb5
22. Na3 b6 23. Naxb5 axb5 24. a6 Qd7 25. Qd3 b4 26. Nb5 Rec8 27. b3 Ne8 28. Ra2
Nc7 29. Nxc7 Rxc7 30. Rc1 Rca7 31. e3 b5 32. Bf1 Rxa6 33. Rxa6 Rxa6 34. Qxb5
Qxb5 35. Bxb5 Ra2 36. Kg2 Bf6 37. Kg3 Kg7 38. Bc4 Be5+ 39. f4 Bc3 40. Rd1 g5
41. Bd3 h6 42. Bb5 Kf6 43. Bc4 Kg7 44. Kf3 Kf6 45. Kg3 Rc2 46. Bd3 Ra2 47. Bc4
Kg7 48. Kf3 Bf6 49. Kg3 Rc2 50. Kf3 Rc3 51. Rd3 Rc1 52. Rd2 Rc3 53. Rd3 Rc2 54.
Rd1 Rh2 55. Kg3 Rb2 56. Rf1 Rc2 57. Rd1 Bb2 58. Kf3 Bc1 59. Rd3 Bd2 60. Bb5 Kf6
61. Bc4 Bc1 62. Rd1 Kg7 63. Rd3 Bd2 64. Bb5 Rb2 65. Bc4 Bc3 66. Rd1 Rc2 67. Bd3
Ra2 68. Bb5 Rh2 69. Kg3 Rb2 70. Bc4 Bf6 71. Rd3 Rc2 72. Rd1 Bb2 73. Kf3 Bc1 74.
Rd3 Bd2 75. Bb5 Bc1 76. Bc4 Kf6 77. Bb5 Rh2 78. Kg3 Rb2 79. Bc4 Bd2 80. Kf3 Kg7
81. Bb5 Kg6 82. Bc4 h5 83. fxg5 h4 84. e4 Bc3 85. Rd1 Rh2 86. Bf1 Rb2 87. Bc4
Bd4 88. e5 Bxe5 89. Ke4 Rh2 90. Bf1 Rf2 91. Ke3 Bd4+ 92. Kd3 Rf3+ 93. Kc2 Rc3+
94. Kb2 Kxg5 95. Ka2 Rc2+ 96. Kb1 Rb2+ 97. Kc1 Rxb3 98. Rd3 Ra3 99. Rxa3 bxa3
100. Kb1 Kf4 101. Ka2 Bb2 102. Kb3 f6 103. Bd3 Kg3 104. Bf5 c4+ 105. Ka2 Kg2
106. Kb1 Bc3 107. Bd7 f5 108. gxf5 Kxh3 109. f6+ Kg2 110. f7 Bg7 111. Ka2 h3
112. Bf5 h2 113. Kxa3 h1=Q 114. Be4+ Kg1 115. Bxh1 Kxh1 116. Kb4 c3 117. f8=Q
Bxf8 118. Kxc3 Bg7+ 119. Kd3 Kg2 0-1

[Event "OPEN JASTRZEBIE-ZDROJ 2021"]
[Site "Jastrzebie-Zdroj"]
[Date "2021.11.09"]
[Round "4.3"]
[White "Tymrakiewicz, Rafal"]
[Black "Dylong, Antoni"]
[Result "1/2-1/2"]
[WhiteElo "2225"]
[BlackElo "1551"]
[PlyCount "120"]
[EventDate "2021.??.??"]

1. e4 e6 2. d4 d5 3. e5 c5 4. c3 Nc6 5. Nf3 Qb6 6. Bd3 cxd4 7. O-O Bd7 8. Re1
a5 9. Qe2 Bc5 10. cxd4 Nxd4 11. Nxd4 Bxd4 12. Nc3 Ne7 13. Nb5 Bxb5 14. Bxb5+
Nc6 15. a4 O-O 16. Ra3 f6 17. exf6 Rxf6 18. Be3 Raf8 19. f3 Bxe3+ 20. Qxe3
Qxe3+ 21. Raxe3 Nd4 22. Rc3 Nxb5 23. axb5 d4 24. Rc7 R8f7 25. b6 e5 26. Rxe5
Rxb6 27. Re8+ Rf8 28. Ree7 Rg6 29. Red7 Rxf3 30. Rxb7 h6 31. Rxd4 Rff6 32. Rd8+
Kh7 33. h3 Rb6 34. Rdd7 Rxb7 35. Rxb7 Ra6 36. Rb3 g5 37. Kf2 Kg6 38. Ke3 a4 39.
Ra3 Rb6 40. Rxa4 Rxb2 41. Ra6+ Kg7 42. Kf3 Rb3+ 43. Ke4 Rb2 44. Kf3 Rb3+ 45.
Kg4 Rb4+ 46. Kg3 Rb3+ 47. Kh2 h5 48. Re6 h4 49. Kg1 Rb2 50. Kf1 Ra2 51. Re2
Rxe2 52. Kxe2 Kf6 53. Kf2 Kf5 54. Kf3 g4+ 55. Ke3 gxh3 56. gxh3 Ke5 57. Kf3 Kf5
58. Ke3 Ke5 59. Kf3 Kf5 60. Ke3 Ke5 1/2-1/2

[Event "OPEN JASTRZEBIE-ZDROJ 2021"]
[Site "Jastrzebie-Zdroj"]
[Date "2021.11.09"]
[Round "4.4"]
[White "Drabiniok, Kazimierz"]
[Black "Chaber, Dominik"]
[Result "1-0"]
[WhiteElo "1856"]
[BlackElo "1214"]
[PlyCount "65"]
[EventDate "2021.??.??"]

1. e4 c5 2. b3 Nc6 3. Bb2 e5 4. Bc4 Nf6 5. Nc3 Be7 6. Nge2 O-O 7. O-O a6 8. Bd5
Nb4 9. f4 d6 10. a3 Nbxd5 11. exd5 b5 12. Ng3 Bb7 13. fxe5 dxe5 14. Qe2 Bd6 15.
Nf5 Re8 16. Ne4 Nxe4 17. Qxe4 f6 18. c4 Qd7 19. Rf3 g6 20. Nxd6 Qxd6 21. Qh4
Rf8 22. Raf1 Kg7 23. Rh3 Rh8 24. Qh6+ Kg8 25. Rhf3 Rf8 26. h4 Bc8 27. h5 f5 28.
Rg3 Kf7 29. Re3 Re8 30. g4 f4 31. Rxf4+ Ke7 32. Bxe5 Qd7 33. Qg5# 1-0

[Event "OPEN JASTRZEBIE-ZDROJ 2021"]
[Site "Jastrzebie-Zdroj"]
[Date "2021.11.09"]
[Round "4.5"]
[White "Radzimski, Antoni"]
[Black "Novak, Jiri"]
[Result "1-0"]
[WhiteElo "1581"]
[BlackElo "1845"]
[PlyCount "73"]
[EventDate "2021.??.??"]

1. e4 e5 2. Nf3 Nc6 3. Bc4 Bc5 4. O-O d6 5. d3 Bg4 6. c3 h6 7. a4 a5 8. Nbd2
Nf6 9. Re1 O-O 10. h3 Bh5 11. Nf1 Ne7 12. Ng3 Bg6 13. Nh4 c6 14. d4 exd4 15.
cxd4 Bb4 16. Bd2 Bh7 17. Bxb4 axb4 18. Bb3 Ra5 19. Bc2 c5 20. e5 dxe5 21. Bxh7+
Nxh7 22. dxe5 Qxd1 23. Raxd1 Nc6 24. Rd7 Ng5 25. f4 Ne6 26. f5 Ned4 27. e6 Raa8
28. Nh5 b6 29. e7 Rfe8 30. f6 Ne6 31. Nf5 g6 32. Nxh6+ Kh7 33. Nxf7 Nf8 34.
Ng5+ Kh6 35. exf8=Q+ Rxf8 36. Ne6 Kxh5 37. Rh7# 1-0

[Event "OPEN JASTRZEBIE-ZDROJ 2021"]
[Site "Jastrzebie-Zdroj"]
[Date "2021.11.09"]
[Round "4.6"]
[White "Piechota, Kamil"]
[Black "Zmarzly, Wiktor"]
[Result "0-1"]
[WhiteElo "1752"]
[BlackElo "1665"]
[PlyCount "50"]
[EventDate "2021.??.??"]

1. e4 c5 2. c3 d5 3. exd5 Qxd5 4. d4 Nc6 5. Nf3 Bf5 6. Be3 cxd4 7. cxd4 Bxb1 8.
Rxb1 e6 9. a3 Nf6 10. Qa4 Be7 11. Bc4 Qd6 12. Ne5 O-O 13. Nxc6 Qxc6 14. Qxc6
bxc6 15. Ba6 Rab8 16. b4 Nd5 17. Kd2 Rfd8 18. Rbc1 Rd6 19. Be2 Rbd8 20. Bf3 Bf6
21. Ke2 Bxd4 22. Bxd4 Nf4+ 23. Ke3 Rxd4 24. Rxc6 g5 25. Rc3 f5 0-1

[Event "OPEN JASTRZEBIE-ZDROJ 2021"]
[Site "Jastrzebie-Zdroj"]
[Date "2021.11.09"]
[Round "4.7"]
[White "Seemann, Pola"]
[Black "Gepfert, Cyprian"]
[Result "1-0"]
[WhiteElo "1491"]
[BlackElo "1745"]
[PlyCount "69"]
[EventDate "2021.??.??"]

1. e4 c5 2. Nf3 e6 3. d4 cxd4 4. Nxd4 Nc6 5. Nc3 Qc7 6. a3 a6 7. Be3 Nf6 8. Be2
Be7 9. O-O O-O 10. Kh1 b5 11. f4 d6 12. Nxc6 Qxc6 13. Bf3 e5 14. Nd5 Bd8 15.
Qd2 Re8 16. Rac1 Bb7 17. f5 Nxd5 18. exd5 Qc4 19. b3 Qh4 20. Bf2 Qg5 21. Qd3
Bc8 22. Be4 Rb8 23. Be3 Qf6 24. Rf3 Bb6 25. Bd2 Qd8 26. f6 g6 27. Rcf1 Qc7 28.
Bh6 Qc5 29. c3 Bg4 30. Rg3 Bh5 31. Qd2 Rb7 32. Bg7 b4 33. Qh6 Bd8 34. Bh8 Bxf6
35. Bxf6 1-0

[Event "OPEN JASTRZEBIE-ZDROJ 2021"]
[Site "Jastrzebie-Zdroj"]
[Date "2021.11.09"]
[Round "4.8"]
[White "Figa, Karolina"]
[Black "Trybus, Dominika"]
[Result "0-1"]
[WhiteElo "1355"]
[BlackElo "1563"]
[PlyCount "56"]
[EventDate "2021.??.??"]

1. d4 Nf6 2. c4 g6 3. Nc3 Bg7 4. e4 d6 5. Nf3 O-O 6. Be2 Nbd7 7. b4 e5 8. d5 a5
9. Ba3 axb4 10. Bxb4 Nh5 11. Qd2 Nf4 12. g3 Nxe2 13. Nxe2 f5 14. Qe3 f4 15. Qd3
fxg3 16. fxg3 Qf6 17. O-O Qe7 18. Nc3 Nf6 19. Nd2 Bh3 20. Rfe1 Ng4 21. Re2 Bh6
22. Nb3 Rf6 23. c5 Raf8 24. Ree1 Qf7 25. cxd6 Be3+ 26. Qxe3 Rf1+ 27. Rxf1 Qxf1+
28. Rxf1 Rxf1# 0-1

[Event "OPEN JASTRZEBIE-ZDROJ 2021"]
[Site "Jastrzebie-Zdroj"]
[Date "2021.11.09"]
[Round "4.9"]
[White "Matusiak, Andrzej"]
[Black "Zabystrzan, Pavel"]
[Result "0-1"]
[WhiteElo "1659"]
[BlackElo "2199"]
[PlyCount "96"]
[EventDate "2021.??.??"]

1. e4 c6 2. d4 d5 3. exd5 cxd5 4. Nf3 Nc6 5. Nc3 Bg4 6. Be3 e6 7. a3 Nf6 8. h3
Bxf3 9. Qxf3 Bd6 10. Bd3 a6 11. O-O O-O 12. Ne2 Ne7 13. Bg5 Ng6 14. c3 Be7 15.
Bxf6 Bxf6 16. Ng3 Be7 17. Qe2 Nf4 18. Qc2 Nxd3 19. Qxd3 Bd6 20. Ne2 Kh8 21. f4
f5 22. Rf3 Qh4 23. Qe3 Rf6 24. Qf2 Qxf2+ 25. Kxf2 h6 26. h4 Rc8 27. Nc1 Kg8 28.
Nd3 Rff8 29. Re1 Kf7 30. Ne5+ Bxe5 31. dxe5 Rc4 32. g3 Rfc8 33. Rd1 b5 34. Re3
g5 35. hxg5 hxg5 36. Kf3 Kg6 37. Rd4 g4+ 38. Ke2 Rxd4 39. cxd4 Rc2+ 40. Kd3
Rxb2 41. Kc3 Rf2 42. Kb4 Rf3 43. Rc3 a5+ 44. Kb3 Kf7 45. Kc2 Rxc3+ 46. Kxc3 Ke7
47. Kb3 Kd7 48. a4 Kc6 0-1

[Event "OPEN JASTRZEBIE-ZDROJ 2021"]
[Site "Jastrzebie-Zdroj"]
[Date "2021.11.09"]
[Round "4.10"]
[White "Marcinowski, Marek"]
[Black "Fojcik, Kacper"]
[Result "0-1"]
[WhiteElo "1740"]
[BlackElo "1345"]
[PlyCount "117"]
[EventDate "2021.??.??"]

1. d4 Nf6 2. Nf3 g6 3. Bf4 Bg7 4. e3 d6 5. h3 O-O 6. Be2 Nbd7 7. O-O b6 8. a4
c5 9. c3 Bb7 10. b4 cxb4 11. cxb4 Nd5 12. Qb3 Nxf4 13. exf4 a6 14. Nbd2 e6 15.
Rac1 Nf6 16. Rc2 Nd5 17. g3 Qd7 18. Kh2 Rfc8 19. Rfc1 Rxc2 20. Rxc2 Rc8 21. b5
a5 22. Rxc8+ Qxc8 23. Nc4 Qc7 24. Qd3 Nb4 25. Qe3 Bxf3 26. Qxf3 Bxd4 27. Qa8+
Kg7 28. Kg2 d5 29. Ne5 Bxe5 30. fxe5 Qxe5 31. Bf3 Qd4 32. Be2 Qe4+ 33. Bf3 Qe1
34. Qb8 e5 35. Qxb6 d4 36. Qxa5 Nd3 37. Qxe1 Nxe1+ 38. Kf1 Nxf3 39. b6 d3 40.
b7 d2 41. Ke2 Nd4+ 42. Kxd2 Nc6 43. Kc3 Kf6 44. Kc4 Na5+ 45. Kb5 Nxb7 46. Kb6
Nd6 47. Kc6 Ke6 48. a5 Nc8 49. a6 Na7+ 50. Kb7 Kd7 51. Kxa7 Kc7 52. g4 f5 53.
gxf5 gxf5 54. h4 e4 55. h5 f4 56. h6 e3 57. fxe3 fxe3 58. Ka8 e2 59. a7 0-1

[Event "OPEN JASTRZEBIE-ZDROJ 2021"]
[Site "Jastrzebie-Zdroj"]
[Date "2021.11.09"]
[Round "4.11"]
[White "Lajdamik, Kinga"]
[Black "Golis, Wiktor"]
[Result "0-1"]
[WhiteElo "1307"]
[BlackElo "1591"]
[PlyCount "125"]
[EventDate "2021.??.??"]

1. e4 c6 2. d4 d5 3. exd5 cxd5 4. Bd3 Nc6 5. c3 g6 6. Bf4 Bf5 7. Nf3 Nf6 8. Ne5
Nh5 9. Nxc6 bxc6 10. Be3 Bxd3 11. Qxd3 Bg7 12. O-O O-O 13. Nd2 Qd6 14. Nb3 a5
15. Rae1 a4 16. Nd2 Rfe8 17. Nf3 f6 18. Nd2 e5 19. dxe5 fxe5 20. f3 d4 21. Ne4
Qd5 22. c4 Qa5 23. Bd2 Qb6 24. Rb1 Nf6 25. b4 axb3 26. axb3 Nxe4 27. fxe4 c5
28. Ra1 Reb8 29. Rxa8 Rxa8 30. Rb1 Bf8 31. Qh3 Ra2 32. Be1 Qd6 33. Qd3 Qf6 34.
Qf3 Qxf3 35. gxf3 Bh6 36. h4 d3 37. Rd1 d2 38. Bf2 Rb2 39. Bxc5 Rxb3 40. Kf2
Bf4 41. Ke2 Kf7 42. Bf2 g5 43. hxg5 Bxg5 44. c5 Rc3 45. Rh1 Kg6 46. c6 Rxc6 47.
Rd1 Rc1 48. Bg3 Kf6 49. Bf2 h5 50. Bg3 Rxd1 51. Kxd1 h4 52. Bxh4 Bxh4 53. Kxd2
Kg5 54. Ke3 Bg3 55. f4+ exf4+ 56. Kf3 Kf6 57. Kg4 Ke5 58. Kf3 Bh4 59. Kg2 Kxe4
60. Kf1 Ke3 61. Kg1 f3 62. Kh1 f2 63. Kh2 0-1